000 00817nab a2200253 u 4500
001 20330
003 HDC
007 cr bn ---aaaaa
008 210304c20100713xx dr|noo 0 a eng d
040 _aHDC
245 0 _aUK: Country Choice expands Menu with Halal Range
260 _a[No place] :
_b[publisher not identified],
_c2010
300 _a1 online resource
336 _atext
_2rdacontent
337 _acomputer
_2rdamedia
338 _aonline resource
_2rdacarrier
650 _ahalal certified foods
_918404
650 _aHalal food
_950
710 _aHalal Focus
856 _zRequest full-text at [email protected]
942 _2lcc
942 _cNEWS
942 _kNWSO 006400
999 _c17646
_d17646